000 00443pab a2200169 454500
008 180718b2005 xxu||||| |||| 00| 0 eng d
100 _aWilliams, Richard
245 _aThe changing face of inequality in home mortgage lending
260 _c2005
300 _ap.181-208.
362 _aMay
650 _aIncome distribution
700 _aMcconnell, Eileen Diaz
700 _aNesiba, Reynold
773 _aSocial Problems
909 _a65833
999 _c65833
_d65833